The theatre of conscience (Record no. 6536)

MARC details
000 -LEADER
fixed length control field 00697 a2200205 4500
005 - DATE AND TIME OF LATEST TRANSACTION
control field 20080829124117.0
008 - FIXED-LENGTH DATA ELEMENTS--GENERAL INFORMATION
fixed length control field 080829t xxu||||| |||| 00| 0 eng d
010 ## - LIBRARY OF CONGRESS CONTROL NUMBER
LC control number ENG-87416
020 ## - INTERNATIONAL STANDARD BOOK NUMBER
International Standard Book Number 8170463238
Terms of availability 375.00
035 ## - SYSTEM CONTROL NUMBER
System control number EN-70949
037 ## - SOURCE OF ACQUISITION
Source of stock number/acquisition D.B.Act / Pub
082 ## - DEWEY DECIMAL CLASSIFICATION NUMBER
Classification number 882
100 ## - MAIN ENTRY--PERSONAL NAME
Personal name Mitra, Manoj
245 ## - TITLE STATEMENT
Title The theatre of conscience
Statement of responsibility, etc by Manoj Mitra
Remainder of title three plays
260 ## - PUBLICATION, DISTRIBUTION, ETC. (IMPRINT)
Place of publication, distribution, etc Kolkata
Name of publisher, distributor, etc Seagull Books
Date of publication, distribution, etc 2007
270 ## - ADDRESS
Address 26, Circus Avenue
City Kolkata
Postal code 700014
300 ## - PHYSICAL DESCRIPTION
Extent 290 p.
Dimensions 21 cm. (Pbk)
942 ## - ADDED ENTRY ELEMENTS (KOHA)
Institution code [OBSOLETE] dpl
Koha item type English Books
Call number prefix 882 / MIT
Source of classification or shelving scheme Dewey Decimal Classification
Classification part 882
Call number suffix MIT
Holdings
Withdrawn status Lost status Damaged status Not for loan Home library Current library Date acquired Cost, normal purchase price Total Checkouts Full call number Barcode Date last seen Copy number Uniform Resource Identifier Cost, replacement price Price effective from Koha item type
        D.B.Act.Division D.B.Act.Division 29/08/2008 375.00   882 MIT EN-70949 15/09/2008 1 7029 375.00 15/09/2008 English Books

© Delhi Public Library
Hit Counter
free hit counter